[Event "Fourmies op 37th"]
[Site "Fourmies"]
[Date "2013.05.20"]
[Round "6"]
[White "Sadet, Jeremy"]
[Black "Dubocage, Claude"]
[Result "0-1"]
[WhiteElo "1708"]
[BlackElo "1919"]
[PlyCount "34"]
[EventDate "2013.05.18"]
[EventType "swiss"]
[EventRounds "7"]
[EventCountry "FRA"]
[SourceTitle "CBM 154 Extra"]
[Source "ChessBase"]
[SourceDate "2013.06.25"]
[SourceVersion "2"]
[SourceVersionDate "2013.06.25"]
[SourceQuality "1"]

1. e4 g6 2. d4 Bg7 3. Nc3 d6 4. Be3 c6 5. Qd2 b5 6. f3 Nd7 7. g4 h5 8. h3 hxg4 9. fxg4 Nb6 10. 0-0-0 Bxg4 11. Be2 Bxe2 12. Qxe2 Nf6 13. e5 Nfd5 14. Nxd5 Nxd5 15. e6 Nxe3 16. exf7+ Kxf7 17. Qxe3 Bh6 0-1